000
00266nam a22001217a 4500
008
190306b xxu||||| |||| 00| 0 eng d
041
_a
eng
080
_a
610
100
_a
4
101
_a
SHM
245
_a
Diabetes and Endocrinology
_c
Belchetz, P
942
_2
udc
_c
BK
999
_c
54622
_d
54622